01238nam a2200301Ia 4500001001200000003000800012006001900020007001500039008004100054010001700095020003200112020001500144040002100159035002000180050002700200110004000227245012500267260005500392300002400447504004100471533015200512650004200664650003900706655002900745710001700774856012600791999001900917ebr10060458CaPaEBRm u cr cn|||||||||001009s1974 dcuc sb 000 0ceng d z 45730040  z0585272611 (electronic bk.) z0309022398 aCaPaEBRcCaPaEBR a(OCoLC)7073296214aQ141b.N38 v.45 1974eb2 aNational Academy of Sciences (U.S.)10aBiographical memoirs.nVol. 45 /h[electronic resource] /cNational Academy of Sciences of the United States of America. aWashington, D.C. :bNational Academy Press,c1974. ax, 476 p. :bports. aIncludes bibliographical references. aElectronic reproduction.bPalo Alto, Calif. :cebrary,d2009.nAvailable via World Wide Web.nAccess may be limited to ebrary affiliated libraries. 0aScientistszUnited StatesvBiography. 0aSciencezUnited StatesvBiography. 7aElectronic books.2local2 aebrary, Inc.40uhttp://site.ebrary.com/lib/rucke/Doc?id=10060458zAn electronic book accessible through the World Wide Web; click to view c154758d154758